| 000 | 00449nam a2200193Ia 4500 | ||
|---|---|---|---|
| 008 | 170918s9999 xx 000 0 und d | ||
| 020 | _a590162187 | ||
| 050 | _bB879 1976 | ||
| 100 | _aBrown, Marc | ||
| 245 | _aArthur's nose / | ||
| 245 | _cMarc Brown. | ||
| 260 | _aNew York : | ||
| 260 | _bScholastic, | ||
| 300 | _aunpaged : | ||
| 300 | _bcolored illustration ; | ||
| 300 | _c26cm. | ||
| 440 | _aAn Arthur adventure. | ||
| 500 | _a350 | ||
| 999 |
_c341182 _d341182 |
||